000 00274nam a2200109Ia 4500
005 20251222152554.0
008 251222s9999||||xx |||||||||||||| ||spa||
082 _a658.500.985/V19
100 _aValdés Palacio, Armando
245 0 _aAdministración Logística
942 _cLIB
999 _c26353
_d26353